000 00784nam a22002297a 4500
999 _c395
_d395
003 AR-CdUCM
008 190223b ||||| |||| 00| 0 spa d
020 _a8470760505
040 _aMUNICIPALIDAD PROVINCIAL DEL CUSCO
_cBIBLIOTECA MUNICIPAL DEL CUSCO
082 _a858.8 /
_bSA164
100 _aSalgari, Emilio
_9800
245 _aEl Hombre de Fuego /
260 _aMadrid :
_bGahe,
_c1975.
300 _a154 paginas ;
_b7 Ilustraciones.
_c20 cm.
505 _aLos "pyaies" blancos -- Las victimas de la Guerra -- El hombre de fuego -- La fuga -- Otra vez el marinero de SolĂ­s...
650 _aCarne humana
_91585
650 _aArboles Gigantes
_91586
650 _aSustancias Gelatinosas
_91587
650 _aPeligros
_91588
942 _2ddc
_cLIBROS
945 _awnts
_d2019-02-23